00692nam a2200241 a 4500001001300000003000900013005001700022008004100039020002600080082002000106100001700126245002500143260003600168300000900204500003500213505001000248650002500258700001700283902000800300942000700308952012000315999001500435nice12345678IN_TiNIC20260116012228.0050524s1977 newa grp 000 0 eng  a0810901 c369.7500a720.917671bHOA aHoag, John D aIslamic Architecture aNew YorkbHarry N. Abramsc1977 a424p aincludes index and biblioraphy2 aIndex aArchitecture-Islamic1 aHoag, John D bRHR cBK 001040708ReferHall-aHMIbHMId2007-06-15g369.75l0o720.917671 HOAp09213r2007-06-15v369.75w2005-05-24yBK c6170d6170